000 01115nam a2200241Ia 4500
999 _c54143
_d54143
001 21198
003 GE_BSU
005 20201019140752.0
008 181216s2015||||ge |||||||||||||| ||geo||
020 _a9789941251085
040 _cGE_BSU
041 _ageo
080 _a340.1(075.8) ხ-89
100 _aხუბუა, გიორგი
_99620
245 _aსამართლის თეორია
_b[სახელმძღვანელო იურიდიული ფაკულტეტის სტუდენტებისათვის] /
_cგიორგი ხუბუა.
250 _aმეორე შევსებული და გადამუშავებული გამოცემა.
264 _aთბილისი :
_bმერიდიანი,
_c2015.
300 _a277 გვ.;
_b20 სმ.
501 _aბიბლიოგრაფია ტექსტის შენიშვნებში და გვ. 275-276.
653 _aსამართალი
653 _aსამართლის თეორია
942 _cBK
_2udc